| 000 | 02325cam a2200517Ia 4500 | ||
|---|---|---|---|
| 999 |
_c5060 _d5060 |
||
| 001 | ocm62117958 | ||
| 003 | OCoLC | ||
| 005 | 20190315153846.0 | ||
| 008 | 051020s2005 enkbc e b 001 0 eng | ||
| 015 |
_aGBA555253 _2bnb |
||
| 020 | _a9781847922946 | ||
| 020 | _a1847922945 | ||
| 035 |
_a(OCoLC)62117958 _z(OCoLC)60794888 _z(OCoLC)225442787 |
||
| 040 |
_aIEKBA _beng _cTZ-ArACH |
||
| 043 | _af-ke--- | ||
| 049 | _aTZAA | ||
| 050 | 4 |
_aDT433 _b.E45 |
|
| 082 | 0 | 4 |
_a967.6203 _222 |
| 100 | 1 | _aElkins, Caroline. | |
| 245 | 1 | 0 |
_aBritain's gulag : _bthe brutal end of empire in Kenya / _cCaroline Elkins. |
| 260 |
_aLondon : _bPimlico, _c2005. |
||
| 300 |
_axiv, 475 pages : _bmap, portraits ; _c20 cm |
||
| 500 | _aOriginally published: London: Jonathan Cape. | ||
| 504 | _aIncludes bibliographical references and index. | ||
| 520 | _aCaroline Elkins recounts the waning days of British Empire in Kenya, and the little known destruction of thousands of Kenyans at the hands of the British. | ||
| 586 | _aWinner of the 2006 Pulitzer prize for general non-fiction. | ||
| 611 | 2 | 7 |
_aMau Mau Emergency (Kenya : 1952-1960) _2fast |
| 648 | 7 |
_aHistory 1952-1960. _2swd |
|
| 648 | 7 |
_a1900-1999 _2fast |
|
| 650 | 0 |
_aDetention of persons _zKenya _xHistory _y20th century. |
|
| 650 | 7 |
_aConcentration camps. _2fast _916923 |
|
| 650 | 7 |
_aDetention of persons. _2fast |
|
| 650 | 0 | 7 |
_aKikuyu. _2gnd |
| 650 | 0 | 7 |
_aMau-Mau. _2gnd _910501 |
| 650 | 0 | 7 |
_aMau-Mau. _2swd _910501 |
| 651 | 0 |
_aKenya _xHistory _yMau Mau Emergency, 1952-1960. |
|
| 651 | 0 |
_aKenya _xHistory _yMau Mau Emergency, 1952-1960 _xConcentration camps. |
|
| 651 | 7 |
_aKenya. _2fast |
|
| 651 | 7 |
_aKikuyu. _2swd |
|
| 655 | 7 |
_aHistory. _2fast |
|
| 856 | 4 | 1 |
_3Table of contents _uhttp://bvbr.bib-bvb.de:8991/F?func=service&doc_library=BVB01&doc_number=014978554&line_number=0001&func_code=DB_RECORDS&service_type=MEDIA |
| 856 | 4 | 1 |
_3Table of contents _qapplication/pdf _uhttp://digitool.hbz-nrw.de:1801/webclient/DeliveryManager?pid=3276569 |
| 856 | 4 | 1 |
_3Table of contents _uhttp://bvbr.bib-bvb.de:8991/F?func=service&doc_library=BVB01&local_base=BVB01&doc_number=014978554&line_number=0001&func_code=DB_RECORDS&service_type=MEDIA |
| 856 | 4 |
_uhttp://bvbm1.bib-bvb.de/webclient/DeliveryManager?pid=213610&custom_att_2=simple_viewer _zRezension |
|
| 942 |
_2lcc _cBOOK |
||